000 00862cam a2200277 a 4500
001 497541
003 NUST - PNEC
005 20170116180855.0
008 850514s1986 nyua b 001 0 eng
010 _a 85011658
020 _a0070513481 :
040 _cLIBRARY
050 0 0 _aTA330
_b.R44 1986
082 0 0 _a620.0042 RED
_219
100 1 _aReddy, J. N.
_q(Junuthula Narasimha),
_d1945-
245 1 0 _aApplied functional analysis and variational methods in engineering /
_cJ.N. Reddy.
260 _aNew York :
_bMcGraw-Hill,
_cc1986.
300 _axiii, 546 p. :
_bill. ;
_c25 cm.
500 _aIncludes index.
504 _aBibliography: p. 495-503.
650 0 _aEngineering mathematics.
_xME, IME
650 0 _aFunctional analysis.
650 0 _aCalculus of variations.
906 _a7
_bcbc
_corignew
_d1
_eocip
_f19
_gy-gencatlg
942 _2ddc
_cBK
999 _c64772
_d64772